000 01007nam a2200229Ia 4500
001 17448
005 20260408110640.0
008 260306s9999||||xx |||||||||||||| ||und||
041 _aESP
082 _a658
_bCH548 2014
100 _aChiavenato, Idalberto
_eAUT
245 0 _aIntroducción a la teoría general de la administración
260 _c2014
300 _axv, 489 páginas :
_c27 cm.
650 _aGEN
654 _aCAN
856 _uhttps://itmsp.museknowledge.com/UCSP?url=https://www.ebooks7-24.com:443/?il=9167&pg=1
_zVersión digital (2019)
856 _uhttps://0u213vly9-y-https-ebooks7--24-com.itmsp.museknowledge.com/biblioteca.aspx
_zVéase además: Base de datos Ebook7-24
856 _uhttps://0u20fvlyb-y-https-research-ebsco-com.itmsp.museknowledge.com/c/qxo6us/search
_zVéase además: Base de datos EBSCOhost
856 _uhttps://0u20yvlyc-y-https-www-bibliotechnia-com-mx.itmsp.museknowledge.com/
_zVéase además: Base de datos BiblioTechnia
942 _cLIB
_dJUS
_fJUS
_2ddc
999 _c17448
_d17448